Sports Quiz

Random Sports Quiz

HOF No-Hitters Quiz Stats

 Plays Quiz not verified by Sporcle

Score 0/49 Timer 10:00
0 Plays Today
Date Pitcher % Correct
May 1, 1991Nolan Ryan
98.6%
June 11, 1990Nolan Ryan
98.6%
June 1, 1975Nolan Ryan
98.6%
September 28, 1974Nolan Ryan
98.6%
July 15, 1973Nolan Ryan
98.6%
May 15, 1973Nolan Ryan
98.6%
September 26, 1981Nolan Ryan
98.6%
September 9, 1965 *Sandy Koufax
97.3%
June 4, 1964Sandy Koufax
97.3%
May 11, 1963Sandy Koufax
97.3%
June 30, 1962Sandy Koufax
97.3%
May 5, 1904 *Cy Young
91.2%
August 14, 1971Bob Gibson
91.2%
September 18, 1897Cy Young
91.2%
July 1, 1951Bob Feller
89.9%
April 30, 1946Bob Feller
89.9%
April 16, 1940Bob Feller
89.9%
Augist 13, 1969Jim Palmer
83.8%
July 1, 1920Walter Johnson
83.1%
May 8, 1968 *Catfish Hunter
79.7%
September 16, 1960Warren Spahn
77.7%
April 28, 1961Warren Spahn
77.7%
June 16, 1978Tom Seaver
76.4%
June 15. 1963Juan Marichal
76.4%
July 15, 1901Christy Mathewson
74.3%
Date Pitcher % Correct
August 5, 1973Phil Niekro
70.9%
September 17, 1968Gaylord Perry
70.3%
July 20, 1958Jim Bunning
63.5%
June 21, 1964 *Jim Bunning
63.5%
May 30, 1977Dennis Eckersley
59.5%
June 23, 1917 **Babe Ruth
59.5%
May 8, 1929Carl Hubbell
50%
September 28, 1975 **Rollie Fingers
48%
June 30, 1948Bob Lemon
48%
April 20, 1910Addie Joss
40.5%
October 2, 1908 *Addie Joss
40.5%
August 4, 1884Pud Galvin
39.9%
August 20, 1880Pud Galvin
39.9%
August 27, 1911Ed Walsh
37.2%
September 13, 1925Dazzy Vance
35.8%
September 20, 1958Hoyt Wilhelm
34.5%
July 25, 1883Hoss Radbourn
27.7%
May 12, 1910Chief Bender
23%
June 17, 1880 *John Montgomery Ward
21.6%
July 27, 1885John Clarkson
18.2%
April 15, 1915Rube Marquard
17.6%
July 31, 1891Amos Rusie
13.5%
July 17, 1924Jesse Haines
9.5%
Auguts 7, 1899Vic Willis
4.7%

You're not logged in!

Compare scores with friends on all Sporcle quizzes.
OR
Log In

Show Comments

Extras

Top Quizzes Today


Score Distribution

Your Account Isn't Verified!

In order to create a playlist on Sporcle, you need to verify the email address you used during registration. Go to your Sporcle Settings to finish the process.

Report this User

Report this user for behavior that violates our Community Guidelines.

Details: